000 02975cam a22004334a 4500
001 data
005 20260322212104.0
008 data
035 _a13912742
906 _a7
_bcbc
_corignew
_d1
_eecip
_f20
_gy-gencatlg
925 0 _aacquire
_b1 shelf copy
_xpolicy default
925 1 _aacquire
_b2 shelf copy
_xpolicy default
955 _djc18 2005-03-29
_ejc03 2005-03-29 to Dewey
_fjb14 2006-03-15 Z-CipVer
_gjb14 2006-03-15 to BCCD
010 _a 2005008642
016 7 _a101244652
_2DNLM
020 _a0763730009
_qpbk.
020 _a9780763730000
_q(pbk.)
035 _a(OCoLC)58729181
040 _aDNLM/DLC
_cDLC
_dDLC
_dBAKER
_dC#P
_dVAM
_dDLC
042 _apcc
050 0 0 _aRA425
_b.S28 2006
060 0 0 _a2005 M-883
060 1 0 _aWA 100
_bS359i 2006
082 0 0 _a362.1
_222
100 1 _aSchneider, Mary-Jane,
_d1939-
245 1 0 _aIntroduction to public health /
_cMary-Jane Schneider ; drawings by Henry Schneider.
250 _a2nd ed.
260 _aSudbury, Mass. :
_bJones and Bartlett,
_cc2006.
300 _axli, 573 p. :
_bill. ;
_c23 cm.
336 _atext
_btxt
_2rdacontent
337 _aunmediated
_bn
_2rdamedia
338 _avolume
_bnc
_2rdacarrier
504 _aIncludes bibliographical references.
505 0 _aPublic health: science, politics, and prevention -- Why is public health controversial? -- Powers and responsibilities of government -- Epidemiology: the basic science of public health -- Epidemiologic principles and methods -- Problems and limits of epidemiology -- Statistics: making sense of uncertainty -- The role of data in public health -- The "Conquest" of infectious diseases -- The resurgence of infectious diseases -- The biomedical basis of chronic diseases -- Genetic diseases and other inborn errors -- Do people choose their own health? -- How psychosocial factors affect health behavior -- Tobacco-public health enemy number one -- Public health threat number two and growing: poor diet and physical inactivity -- Injuries are not accidents -- Maternal and child health as a social problem -- A clean environment: the basis of public health -- Clean air: is it safe to breathe? -- Clean water: a limited resource -- Solid and hazardous wastes: what to do with the garbage? -- Safe food and drugs: an ongoing regulatory battle -- Population: the ultimate environmental health issue -- Is the medical care system a public health issue? Why the U.S. medical system needs reform -- Health services research: finding what works -- Public health and the aging population -- Emergency preparedness, post-9/11 -- Public health in the twenty-first century: achievements and challenges.
650 0 _aPublic health.
650 1 2 _aPublic Health.
650 2 2 _aPublic Health Practice.
999 _c1511
_d1511